Наш мир (Запись № 1275608)

Подробности
000 -МАРКЕР
контрольное поле 01709nam1a2200373 4500
001 - ИДЕНТИФИКАТОР ЗАПИСИ
контрольное поле RU\NLR\bibl\1130345
005 - ИДЕНТИФИКАТОР ВЕРСИИ
контрольное поле 20240828161735.0
035 ## - ДРУГИЕ СИСТЕМНЫЕ НОМЕРА
Идентификатор записи (NLR Aleph) 001117265
100 ## - ДАННЫЕ ОБЩЕЙ ОБРАБОТКИ
Данные общей обработки 20070919g20079999c y0rusy50 ca
101 0# - ЯЗЫК РЕСУРСА
Язык текста, звукозаписи и т.д. русский
102 ## - СТРАНА ПУБЛИКАЦИИ ИЛИ ПРОИЗВОДСТВА
Страна публикации Российская Федерация
105 ## - ПОЛЕ КОДИРОВАННЫХ ДАННЫХ: ТЕКСТОВЫЕ МАТЕРИАЛЫ, МОНОГРАФИЧЕСКИЕ
Кодированные данные о монографическом текстовом документе ||||j |||||
200 1# - ЗАГЛАВИЕ И СВЕДЕНИЯ ОБ ОТВЕТСТВЕННОСТИ
Основное заглавие Наш мир
Сведения, относящиеся к заглавию 3 класс
-- [учебник]
-- в 2 ч.
Первые сведения об ответственности О.Н. Федотова, Г.В. Трафимова, С.А. Трафимов, Л.А. Царева
205 ## - СВЕДЕНИЯ ОБ ИЗДАНИИ
Сведения об издании Изд. 2-е, испр.
210 ## - ПУБЛИКАЦИЯ, РАСПРОСТРАНЕНИЕ И ДР.
Место издания, распространения и т.д. Москва
Имя издателя, распространителя и т. д. Академкнига/Учебник
Дата издания, распространения и т.д. 2007
215 ## - ФИЗИЧЕСКАЯ ХАРАКТЕРИСТИКА
Размеры 22
225 1# - СЕРИЯ
Основное заглавие серии Перспективная начальная школа
463 #0 - УРОВЕНЬ ФИЗИЧЕСКОЙ ЕДИНИЦЫ
Встроенное поле 0011110052
463 #0 - УРОВЕНЬ ФИЗИЧЕСКОЙ ЕДИНИЦЫ
Встроенное поле 0011133585
606 1# - НАИМЕНОВАНИЕ ТЕМЫ КАК ПРЕДМЕТ
Наименование темы Естествознание
Формальный подзаголовок Учебники для начальной школы
Системный номер авторитетной/нормативной записи 1049255
Идентификатор авторитетной/нормативной записи RU\NLR\auth\6687283
686 ## - ИНДЕКСЫ ДРУГИХ КЛАССИФИКАЦИЙ
Индекс Б.я71-1
701 #1 - ИМЯ ЛИЦА - АЛЬТЕРНАТИВНАЯ ОТВЕТСТВЕННОСТЬ
Код отношения Автор
Графика поля Кириллица
Материалы, к которым относится поле rus
Начальный элемент ввода Федотова
Часть имени, кроме начального элемента ввода О. Н.
Дополнения к именам, кроме дат канд. пед. наук
Расширение инициалов личного имени Ольга Нестеровна
Системный номер авторитетной/нормативной записи 123774
Идентификатор авторитетной/нормативной записи RU\NLR\AUTH\7714096
701 #1 - ИМЯ ЛИЦА - АЛЬТЕРНАТИВНАЯ ОТВЕТСТВЕННОСТЬ
Код отношения Автор
Графика поля Кириллица
Материалы, к которым относится поле rus
Начальный элемент ввода Трафимов
Часть имени, кроме начального элемента ввода С. А.
Дополнения к именам, кроме дат педагог-методист
Расширение инициалов личного имени Сергей Анатольевич
Системный номер авторитетной/нормативной записи 83095
Идентификатор авторитетной/нормативной записи RU\NLR\AUTH\77100169
701 #1 - ИМЯ ЛИЦА - АЛЬТЕРНАТИВНАЯ ОТВЕТСТВЕННОСТЬ
Код отношения Автор
Начальный элемент ввода Царёва
Часть имени, кроме начального элемента ввода Л. А.
Дополнения к именам, кроме дат канд. пед. наук, география
Расширение инициалов личного имени Лора Александровна
Системный номер авторитетной/нормативной записи 184052
Идентификатор авторитетной/нормативной записи RU\NLR\AUTH\770184103
701 #1 - ИМЯ ЛИЦА - АЛЬТЕРНАТИВНАЯ ОТВЕТСТВЕННОСТЬ
Код отношения Автор
Графика поля Кириллица
Материалы, к которым относится поле rus
Начальный элемент ввода Трафимова
Часть имени, кроме начального элемента ввода Г. В.
Дополнения к именам, кроме дат педагог-методист
Расширение инициалов личного имени Галина Владимировна
Системный номер авторитетной/нормативной записи 83094
Идентификатор авторитетной/нормативной записи RU\NLR\AUTH\77100168
801 #0 - ИСТОЧНИК ЗАПИСИ
Страна Российская Федерация
Организация NLR
Дата составления 20070919
Правила каталогизации RCR
801 #1 - ИСТОЧНИК ЗАПИСИ
Страна Российская Федерация
Организация NLR
Дата составления 20070919
830 ## - ОБЩЕЕ ПРИМЕЧАНИЕ, СОСТАВЛЕННОЕ КАТАЛОГИЗАТОРОМ
Текст примечания по кн
852 ## - МЕСТОНАХОЖДЕНИЕ И ШИФР ХРАНЕНИЯ
Идентификатор организации NLR
Шифр хранения (Call Number) 2007-5/6055
942 ## - ДОПОЛНИТЕЛЬНЫЕ ЭЛЕМЕНТЫ ЗАПИСИ (АБИС)
Тип экземпляра АБИС Книга
980 ## - КОЛЛЕКЦИЯ
Название коллекции Национальная библиография

Нет доступных экземпляров.